000 00355nam a22001457a 4500
005 20160331084015.0
008 100324s2010 nyua 001 0 eng
020 _a9780071634915
020 _a0071634916
041 0 _aeng
080 _a004
245 1 0 _aMicrosoft Office PowerPoint 2010 /
_cCarole Matthews.
246 3 0 _aPowerPoint 2010
942 _2udc
_cBK
999 _c588
_d588